| 000 | 00683nam a22002054i 4500 | ||
|---|---|---|---|
| 999 |
_c7337 _d7337 |
||
| 003 | OSt | ||
| 005 | 20210408162549.0 | ||
| 008 | 200721s2019 cc||| |||||0|| 0 spa|c | ||
| 020 | _a9788409107278 | ||
| 040 |
_aCDMR _bcat _erda _cCDMR |
||
| 245 | 0 | 3 |
_aEl Silencio no es opción : _bBarcelona protege a periodistas de México / _cprólogo de Majo Siscar |
| 264 | 1 |
_a[Barcelona] : _bAsociación por la Paz y los Derechos Humanos, _c2019 |
|
| 300 |
_a114 pàgines _c20 cm |
||
| 336 |
_atext _btxt _2rdacontent |
||
| 337 |
_asense mediació _bn _2rdamedia |
||
| 338 |
_avolum _bnc _2rdacarrier |
||
| 650 | 4 | 0 |
_aPeriodistes _zMèxic _xCondicions socials _92273 |
| 940 | _aCDMR | ||
| 942 |
_2udc _cMON |
||